وقفات تربوية مع السيرة النبوية / (رقم التسجيلة. 141796)

تفاصيل مارك
000 -الفاتح
عناصر البيانات ثابتة الطول 00692cam a2200181 i 4500
005 - تاريخ ووقت آخر معاملة
حقل ضبط 20260106084259.0
008 - عناصر البيانات ثابتة الطول
عناصر البيانات ثابتة الطول 250721s2018 ua gr 000 0 ara d
020 ## - الترقيم الدولي المعياري للكتب (ردمك)
الترقيم الدولي المعياري للكتب (ردمك) 9789773725582
082 14 - رقم تصنيف ديوي العشري
رقم التصنيف 219
رقم المادة و ق ف
245 00 - بيان العنوان
العنوان وقفات تربوية مع السيرة النبوية /
بيان المسؤولية جمع وترتيب فضيلة الشيخ الدكتور أحمد فريد.
250 ## - بيان الطبعة
بيان الطبعة الطبعة الاولى.
264 31 - بيانات النشر، التوزيع…إلخ
مكان النشر، التوزيع...إلخ القاهرة :
اسم الناشر، الموزع...إلخ دار الغد الجديد للطباعة و النشر و التوزيع،
تاريخ النشر، التوزيع...إلخ 2017.
300 ## - الوصف المادي
عدد الوحدات المكونة للوعاء 372 صفحة.
650 17 - مدخل إضافي بالموضوع - مصطلح موضوعي
مصطلح موضوعي أو اسم جغرافي كعنصر مدخل السيرة النبوية.
650 17 - مدخل إضافي بالموضوع - مصطلح موضوعي
مصطلح موضوعي أو اسم جغرافي كعنصر مدخل الوعظ والارشاد.
942 ## - بيانات إضافية (كوها)
نوع التنصيف Dewey Decimal Classification
نوع المادة (كوها) كتب
المقتنيات
حالة السحب حالة الفقدان مصدر التصنيف حالة التلف غير قابل للإعارة المكتبة الرئيسية المكتبة الحالية موقع الرف تاريخ التزويد الرقم المتسلسل Total Checkouts رقم الإستدعاء الباركود تاريخ آخر ظهور تاريخ الفاتورة نوع المادة (كوها)
    Dewey Decimal Classification     المكتبة المركزية المكتبة المركزية الإعارة 28/07/2025 1744093   219 / و ق ف PLD00486909 28/07/2025 28/07/2025 كتب
    Dewey Decimal Classification     مكتبة أم قصير والمقابلين العامة مكتبة أم قصير والمقابلين العامة الإعارة 11/08/2020 1744094   219/وقف PLD00487278 28/07/2025 11/08/2020 كتب
    Dewey Decimal Classification     مكتبة الاميرة بديعة مكتبة الاميرة بديعة الإعارة 11/08/2020 1744095   219/وقف PLD00487280 28/07/2025 11/08/2020 كتب
    Dewey Decimal Classification     مكتبة الحسن العامة مكتبة الحسن العامة الإعارة 11/08/2020 1744096   219/وقف PLD00487281 28/07/2025 11/08/2020 كتب
    Dewey Decimal Classification     مكتبة صويلح العامة مكتبة صويلح العامة الإعارة 11/08/2020 1744097   219/وقف PLD00487282 28/07/2025 11/08/2020 كتب
Implemented & Customized by: BBB with SCIT (Smart Chains for Information Technology)

Powered by Koha